Reduction of azo dyes by redox mediators originating in the naphthalenesulfonic acid degradation pathway of Sphingomonas sp. strain BN6 /
Bewaard in:
| Andere auteurs: | , , , , , |
|---|---|
| Formaat: | Artikel |
| Taal: | English |
| Onderwerpen: | |
| Tags: |
Voeg label toe
Geen labels, Wees de eerste die dit record labelt!
|
| Thư viện lưu trữ: | Thư viện Trường Đại học Đà Lạt |
|---|
| LEADER | 01131nam a2200385 4500 | ||
|---|---|---|---|
| 001 | DLU090096228 | ||
| 005 | ##20091201 | ||
| 040 | # | # | |a DLU |b eng |
| 041 | # | # | |a eng |
| 044 | # | # | |a us |
| 245 | # | # | |a Reduction of azo dyes by redox mediators originating in the naphthalenesulfonic acid degradation pathway of Sphingomonas sp. strain BN6 / |c A. Keck ... [et al.]. |
| 653 | # | # | |a Amaranth |
| 653 | # | # | |a Anaerobiosis |
| 653 | # | # | |a Azo dyes |
| 653 | # | # | |a Bacteria |
| 653 | # | # | |a Biodegradation |
| 653 | # | # | |a Enzymatic activity |
| 653 | # | # | |a Metabolism |
| 653 | # | # | |a Sphingomonas |
| 700 | # | # | |a Keck, A. |
| 700 | # | # | |a Klein, J. |
| 700 | # | # | |a Knackmuss, H. J. |
| 700 | # | # | |a Kudlich, M. |
| 700 | # | # | |a Mattes, R. |
| 700 | # | # | |a Stolz, A. |
| 773 | # | # | |t Applied and Environmental Microbiology |g Vol. 63, no. 9 (September 1997), p. 3684-3690 |
| 920 | # | # | |a Phòng Tạp chí -- Trung tâm Thông tin - Thư viện Trường Đại học Đà Lạt |
| 994 | # | # | |a DLU |
| 900 | # | # | |a True |
| 911 | # | # | |a Trương Bảo Trâm Anh |
| 925 | # | # | |a G |
| 926 | # | # | |a A |
| 927 | # | # | |a BB |
| 980 | # | # | |a Thư viện Trường Đại học Đà Lạt |